| 000 | 00837nas a2200301 4500 | ||
|---|---|---|---|
| 001 | BR9704027 | ||
| 003 | BR-BrBNA | ||
| 005 | 20231205100415.0 | ||
| 007 | ta | ||
| 008 | 230509b bl.|||p| |||| 00| 00por d | ||
| 040 |
_aBR-BrBNA _bpor _cBiblioteca Nacional de Agricultura |
||
| 041 | _a(En) | ||
| 072 | _aL73 | ||
| 100 | 1 | _aWeiblen, R. | |
| 100 | 1 | _aMoraes, M.P. | |
| 100 | 1 | _aRebelatto, M.C. | |
| 100 | 1 | _aLovato, L.T. | |
| 100 | 1 | _aCanabarro, T.F. | |
| 245 | 1 | _aBovine herpesvirus isolates | |
| 650 | _aHerpesvirus | ||
| 650 | _aGado Leiteiro | ||
| 650 | _aEpidemia | ||
| 650 | _aImunofluorescencia | ||
| 650 | _aRio Grande do Sul | ||
| 773 | 0 |
_tRevista de Microbiologia (Brazil) _xISSN 0001-3714 _g(Jul-Sep 1996), v. 27(3) p. 208-211 _wBR9704027 |
|
| 909 |
_a202311 _bLúcia _c55 _dLúcia Elande |
||
| 942 |
_2AGRIS _n0 _cANA |
||
| 999 |
_c155819 _d155819 |
||